| 000 | 00460cam a2200193ua 4500 | ||
|---|---|---|---|
| 001 | 10249 | ||
| 008 | 171109n ii |||gr||||Z||||||eng | ||
| 020 | _a9788152550616 | ||
| 040 | _cMAIN | ||
| 041 | _aeng | ||
| 082 | _a330 | ||
| 100 |
_aMukherjee, Sampat, _eAuthor. |
||
| 245 |
_aEconomic essays _cBy Sampat Mukherjee |
||
| 250 | _a2nd ed. | ||
| 260 |
_aGuwahati: _bNew central book agency, _c2017. |
||
| 300 | _a840p. | ||
| 653 | _aEconomics | ||
| 942 | _cBK | ||
| 999 |
_c9245 _d9245 |
||